Reducing geographical imbalances of the distribution of health workers in Sub-Saharan Africa : a labor market angle on what works, what does not, and why (Record no. 55807)
[ view plain ]
| 000 -LEADER | |
|---|---|
| fixed length control field | 00908nam a2200193 a 4500 |
| 008 - FIXED-LENGTH DATA ELEMENTS--GENERAL INFORMATION | |
| fixed length control field | 160526s2011 ||||||||||||||||| || u |
| 020 ## - INTERNATIONAL STANDARD BOOK NUMBER | |
| International Standard Book Number | 9780821385999 |
| 050 ## - LIBRARY OF CONGRESS CALL NUMBER | |
| Classification number | IBRD(08)WP/209 |
| 100 ## - MAIN ENTRY--PERSONAL NAME | |
| Personal name | Lemiere, Christophe |
| 245 10 - TITLE STATEMENT | |
| Title | Reducing geographical imbalances of the distribution of health workers in Sub-Saharan Africa : a labor market angle on what works, what does not, and why |
| Statement of responsibility, etc. | By Christophe Lemiere, Christopher Herbst H., Negda Jahanshahi [and] Ellen Smith |
| 260 ## - PUBLICATION, DISTRIBUTION, ETC. | |
| Place of publication, distribution, etc. | Washington D.C |
| Date of publication, distribution, etc. | 2011 |
| 350 ## - PRICE (NR) (BK AM CF MU VM SE) [OBSOLETE] | |
| Price | 15.00 |
| 490 ## - SERIES STATEMENT | |
| Series statement | World Bank Working Papers |
| 500 ## - GENERAL NOTE | |
| General note | Bibliography |
| 650 ## - SUBJECT ADDED ENTRY--TOPICAL TERM | |
| Topical term or geographic name entry element | MEDICAL PERSONNEL -- SUPPLY AND DEMAND -- AFRICA |
| 650 ## - SUBJECT ADDED ENTRY--TOPICAL TERM | |
| Topical term or geographic name entry element | DELIVERY OF HEALTH CARE -- ECONOMICS |
| 650 ## - SUBJECT ADDED ENTRY--TOPICAL TERM | |
| Topical term or geographic name entry element | MEDICAL ECONOMICS -- AFRICA |
| 995 ## - RECOMMENDATION 995 [LOCAL, UNIMARC FRANCE] | |
| -- | 15.00 |
| -- | CBU-MAIN LIBRARY (Kitwe) |
| -- | 1 |
| -- | AVAILABLE |
| -- | May 26, 2016 |
| -- | International Publications |
| Withdrawn status | Lost status | Source of classification or shelving scheme | Damaged status | Not for loan | Home library | Current library | Shelving location | Date acquired | Total Checkouts | Full call number | Barcode | Date last seen | Price effective from | Koha item type |
|---|---|---|---|---|---|---|---|---|---|---|---|---|---|---|
| CBU-MAIN LIBRARY, KITWE. | CBU-MAIN LIBRARY, KITWE. | 11/30/2022 | IBRD(08)WP/209 | 746044 | 11/30/2022 | 11/30/2022 | MONOGRAPH |